Tôn Tử binh pháp & 36 kế
Sách gồm 13 thiên: Kế thiên, Tác chiến, Mưu công, Hình thiên, Thế thiên, Hư thực, Quân tranh, Cửu biến, Hành quân, Địa hình, Cửu thiên địa, Hỏa công và Dụng gián, được viết bằng cổ văn tiền Tần, với hơn 5.900 chữ Hán. Tam thập lục kế (36...
Đã lưu trong:
| 主要作者: | |
|---|---|
| 其他作者: | |
| 格式: | 图书 |
| 语言: | Vietnamese |
| 出版: |
H.
Hồng Đức
2019
|
| 主题: | |
| 标签: |
添加标签
没有标签, 成为第一个标记此记录!
|
| Thư viện lưu trữ: | Thư viện Trường Đại học Nam Cần Thơ |
|---|
| LEADER | 01516nam a22002177a 4500 | ||
|---|---|---|---|
| 001 | NCT_68187 | ||
| 008 | 190906b xxu||||| |||| 00| 0 vie d | ||
| 999 | |c 3297 |d 3297 | ||
| 020 | |a 9786048957858 |c 150000 | ||
| 082 | 0 | 4 | |2 23rd ed. |a 355 |b M312 |
| 100 | 1 | |a Trần Trường Minh | |
| 245 | 1 | 0 | |a Tôn Tử binh pháp & 36 kế |c Trần Trường Minh, Phạm Hồng |
| 260 | |a H. |b Hồng Đức |c 2019 | ||
| 300 | |a 511 tr. |b minh họa |c 24cm | ||
| 520 | 3 | |a Sách gồm 13 thiên: Kế thiên, Tác chiến, Mưu công, Hình thiên, Thế thiên, Hư thực, Quân tranh, Cửu biến, Hành quân, Địa hình, Cửu thiên địa, Hỏa công và Dụng gián, được viết bằng cổ văn tiền Tần, với hơn 5.900 chữ Hán. Tam thập lục kế (36 kế) được thấy sớm nhất trong các câu chuyện thời Xuân Thu - Chiến Quốc. Về sau, nhiều đời, nhiều người đã ghi chép, hiệu đính lại cuốn sách đó | |
| 653 | |a Sách tham khảo | ||
| 700 | 1 | |a Phạm Hồng | |
| 942 | |2 ddc |c BK | ||
| 952 | |0 0 |1 0 |2 ddc |4 0 |6 355_000000000000000_M312 |7 0 |9 17637 |a 000001 |b 000001 |d 2019-09-06 |o 355 M312 |p TK.01598 |r 2019-09-06 |v 150000.00 |w 2019-09-06 |y BK | ||
| 952 | |0 0 |1 0 |2 ddc |4 0 |6 355_000000000000000_M312 |7 0 |9 17638 |a 000001 |b 000001 |d 2019-09-06 |o 355 M312 |p TK.01599 |r 2019-09-06 |v 150000.00 |w 2019-09-06 |y BK | ||
| 980 | |a Thư viện Trường Đại học Nam Cần Thơ | ||


